00366nam a2200145Ia 45000030006000000050017000060080041000230400009000640410012000730820020000851000035001052450063001402600009002033000008002120Nust20170105110248.0161124s9999 xx 000 0 und d cIGIS aEnglish a362.109669bMAR aWilliam M Marsh John Grossa JR aEnvironmental Geography Science Land use and Eaeth Systems c2002 a442